000 00715nam a22002297a 4500
005 20170124110249.0
010 _a437301
020 _c00.00
035 _a437301
037 _bCen Lib/Ret
040 _aDPL
_bEN
082 _a670.5
_bIND
110 _aGovernment of India, Directorate general of technical development
_998335
245 _aHandbook of indigenous manufacturers of engineering stores /
250 _a4th ed
260 _bManager of Publications
_aDelhi
_c1964
270 _bDelhi
300 _axix,309p.
_c22cm(Hb)
650 _aManufacturing industries -- India -- Directories
_998336
650 _aManufacturing industries
_9113639
942 _2ddc
_cEN
_h670.5
_mIND
999 _c135754
_d135754